000 00709cam a22002651 4500
999 _c20402
_d20402
001 8417202
003 BDDh-ASL
005 20231015025902.0
008 741129s1958 xx 000 0 eng
010 _a 59000607
015 _aGB58-14324
035 _a(OCoLC)1091159
040 _aDLC
_cOClU
_dUk
_dDLC
_dBDDh-ASL
042 _apremarc
050 0 0 _aD199.3
_b.L35
082 _a297.0953
_bLAI
100 1 _aLandau, Rom,
_d1899-
245 1 0 _aIslam and the Arabs/
260 _aLondon:
_bG. Allen & Unwin
_c[1958]
300 _a298 p.
_c23 cm.
650 0 _aIslamic civilization
651 0 _aIslamic countries
_xHistory.
906 _a7
_bcbc
_coclcrpl
_du
_encip
_f19
_gy-gencatlg
942 _2ddc
_cBK